|
|
|
|
| LEADER |
00723 a2200205 4500 |
| 005 |
20151026133220.0 |
| 008 |
131122b xxu||||| |||| 00| 0 eng d |
| 020 |
|
|
|a 9788120336964
|
| 080 |
|
|
|a 004.7
|b COM
|
| 100 |
|
|
|a Comer, Douglas E
|
| 245 |
|
|
|a Internet book
|b everything you need to know about computer networking and how the internet works
|
| 250 |
|
|
|a 4th ed.
|
| 260 |
|
|
|b PHI Learning
|c 2007
|a New Delhi
|
| 300 |
|
|
|a xxvii, 280p.
|
| 653 |
|
|
|a Networking - computer communication
|
| 653 |
|
|
|a Internet services
|
| 653 |
|
|
|a Worldwide web
|
| 942 |
|
|
|c BK
|6 _
|
| 999 |
|
|
|c 65457
|d 65457
|
| 952 |
|
|
|0 0
|1 0
|2 udc
|4 0
|6 0047_COM
|7 0
|9 77813
|a UL
|b UL
|d 2013-02-18
|g 0.00
|l 1
|o 004.7 COM
|p 00069197
|r 2014-03-30
|s 2014-02-02
|v 0.00
|w 2013-02-18
|y BK
|